Juvenile justice administration report (Record no. 1456405)

MARC details
000 -LEADER
fixed length control field 00537nam a2200181Ia 4500
005 - DATE AND TIME OF LATEST TRANSACTION
control field 20250923145837.0
008 - FIXED-LENGTH DATA ELEMENTS--GENERAL INFORMATION
fixed length control field 008 250917s9999 xx 000 0 eng d
037 ## - SOURCE OF ACQUISITION
Stock number Reports
040 ## - CATALOGING SOURCE
Original cataloging agency DSWL
Language of cataloging eng
Transcribing agency DSWL
041 ## - LANGUAGE CODE
Language code of text/sound track or separate title eng
Source of code eng
084 ## - COLON CLASSIFICATION NUMBER
Classification number Y11:45:(Z).235r, N90
Assigning agency DSWL
245 #0 - TITLE STATEMENT
Title Juvenile justice administration report
260 ## - PUBLICATION, DISTRIBUTION, ETC.
Place of publication, distribution, etc. Pune
Name of publisher, distributor, etc. Kare Instt. of Social Service
Date of publication, distribution, etc. 1990
365 ## - TRADE PRICE
Price type code INR
Price amount 40.00+15.00p
925 ## -
-- 40.00+15.00p
942 ## - ADDED ENTRY ELEMENTS (KOHA)
Koha item type Reports
Classification part Y11:45:(Z).235r, N90
Holdings
Withdrawn status Lost status Damaged status Not for loan Home library Current library Date acquired Total Checkouts Full call number Barcode Date last seen Price effective from Koha item type
        Department of Social Work Library Department of Social Work Library 2025-09-23   Y11:45:(Z).235r, N90 SW0024315 2025-09-23 2025-09-23 Reports
Copyright @ Delhi University Library System